000 01408nam0a22003011 4500
001 rc\3904027
005 20130415104753.9
021 _aRU
_b[56-23097]
035 _a(NLR Aleph) 008015520
090 _a8727630
_c8727630
100 _a20130415d1956 |||y0rusy50 ca
101 0 _arus
102 _aRU
105 _aa z |||||
200 1 _aЭксплуатация автоматизированных агрегатов на Московском коксогазовом заводе
_fИнж. В.Х. Бутыльский, инж. Б.А. Толстов
210 _a[Москва
_cБ. и.
_d1956]
215 _a10 с.
_cсхем.
_d22
225 1 _aМинистерство черной металлургии СССР. Научно-техническое общество черной металлургии. Сообщение на Всесоюзном совещании по автоматизации производственных процессов. Магнитогорск, 1956 г.
300 _aБез тит. л. и обл.
333 _aНа правах рукописи
606 _aКоксохимическое производство
_xАвтоматизация
_2psbo
700 1 _aБутыльский
_bВ. Х.
701 1 _aТолстов
_bБ. А.
801 0 _aRU
_bNLR
_gpsbo
801 1 _aRU
_bELAR
_2rusmarc
852 _aNLR
_jТ44 Г-6/1130
942 _cBOOK
980 _aNB